MARC details
| 000 -CABECERA |
| campo de control de longitud fija |
01168nam a2200265 a 4500 |
| 001 - NÚMERO DE CONTROL |
| campo de control |
000046317 |
| 005 - FECHA Y HORA DE LA ÚLTIMA TRANSACCIÓN |
| campo de control |
20201002052802.0 |
| 008 - DATOS DE LONGITUD FIJA--INFORMACIÓN GENERAL |
| campo de control de longitud fija |
100908s2003 dr d 000 0 spa d |
| 040 ## - FUENTE DE LA CATALOGACIÓN |
| Centro catalogador/agencia de origen |
DO-SdBNP |
| Lengua de catalogación |
spa |
| Centro/agencia transcriptor |
BNPHU |
| 082 ## - NÚMERO DE LA CLASIFICACIÓN DECIMAL DEWEY |
| Número de clasificación |
510.2433 |
| Número de documento/Ítem |
V468ma |
| 100 1# - ENTRADA PRINCIPAL--NOMBRE DE PERSONA |
| Nombre de persona |
Ventura Muñoz, Eduardo |
| 9 (RLIN) |
29603 |
| 245 10 - MENCIÓN DE TÍTULO |
| Título |
Matemáticas financieras / |
| Mención de responsabilidad, etc. |
Eduardo Ventura Muñoz, Lorenzo Ramírez G. |
| 246 12 - FORMA VARIANTE DE TÍTULO |
| Título propio/Titulo breve |
Matemáticas financieras I |
| Resto del título |
departamento de matemáticas / |
| 260 ## - PUBLICACIÓN, DISTRIBUCIÓN, ETC. |
| Lugar de publicación, distribución, etc. |
Santo Domingo : |
| Nombre del editor, distribuidor, etc. |
UCSD, |
| Fecha de publicación, distribución, etc. |
2003. |
| 300 ## - DESCRIPCIÓN FÍSICA |
| Extensión |
110 p. : |
| Otras características físicas |
diagr. ; |
| Dimensiones |
28 cm. |
| 490 1# - MENCIÓN DE SERIE |
| Mención de serie |
Alandar |
| 505 0# - NOTA DE CONTENIDO CON FORMATO |
| Nota de contenido con formato |
unidad I -- |
| Título |
Descuentos comerciales -- |
| -- |
unidad II -- |
| -- |
Interés simple -- |
| -- |
unidad III -- |
| -- |
Valor actual - Descuento bancario -- |
| -- |
unidad IV -- |
| -- |
Pagos Parciales -- |
| -- |
unidad V -- |
| -- |
Monto a interés compuesto -- |
| -- |
unidad VI -- |
| -- |
Valor actual a interés compuesto -- |
| 590 ## - NOTA LOCAL (RLIN) |
| Nota local |
Inventariado, 2019/MFF |
| 650 #4 - PUNTO DE ACCESO ADICIONAL DE MATERIA--TÉRMINO DE MATERIA |
| Término de materia o nombre geográfico como elemento de entrada |
Matemáticas financieras |
| 9 (RLIN) |
7099 |
| 650 #4 - PUNTO DE ACCESO ADICIONAL DE MATERIA--TÉRMINO DE MATERIA |
| Término de materia o nombre geográfico como elemento de entrada |
Matemáticas financieras |
| Subdivisión general |
Problemas, ejercicios, etc. |
| 9 (RLIN) |
7100 |
| 700 1# - PUNTO DE ACCESO ADICIONAL--NOMBRE DE PERSONA |
| Nombre de persona |
Ramírez G., Lorenzo |
| 9 (RLIN) |
74339 |
| 710 1# - PUNTO DE ACCESO ADICIONAL--NOMBRE DE ENTIDAD CORPORATIVA |
| Nombre de entidad corporativa o nombre de jurisdicción como elemento de entrada |
Universidad Católica Santo Domingo |
| 9 (RLIN) |
1478 |
| 830 #0 - PUNTO DE ACCESO ADICIONAL DE SERIE-TÍTULO UNIFORME |
| Título uniforme |
Alandar |
| 9 (RLIN) |
74340 |
| 910 ## - DATOS DE OPCIÓN DEL USUARIO (OCLC) |
| Datos de opción del usuario |
Validado. Control de calidad MFF |